000 01641nam a2200337 c 4500
999 _c347530
_d347530
003 BLK
005 20221208030939.0
008 180411b bul|||||r ||||||| ||bul||
010 _aKNG00215086000
020 _a9789542830290
040 _aBLK
041 _aBUL
_cBUL
072 7 _2bullib
_aН34
_xПраво Н
080 _aСпец. договори. Продажба, отстъпване, купуване, смяна, размяна, наемане, аренда, даване под наем, рента, залог. Коцесии(правен аспект). Обществени поръчки, лизинг, концесии(договори)
_b347.45/.47
_x(497.2)(075.8)
_z347.45/.47(497.2)(075.8)
100 _aИлиева, Антония Георгиева
_eпърви автор
_9401586
139 _aИлиева, Антония Георгиева и др.
_bИ 52
245 1 0 _aПравен режим на обществените поръчки по ЗОП
_bРъководство за студенти и практици
_cАнтония Георгиева Илиева; Пенчо Пламенов Станкулов.
257 _aBGR
260 _bСиела Норма
_c2019
_9217021
_aСофия
_n978-954-28-
300 _a488 с.
_c23 см
380 _a3
650 4 _aОбществени поръчки
_9295079
653 7 _aобществени поръчки
_9192603
653 0 _aЗакон за обществените поръчки
_9401587
659 _aН
700 _aСтанкулов, Пенчо Пламенов
_eсъавт.
_91445
856 4 _qpdf
856 4 _qpdf
942 _cKNG
_n0
_s1
944 _aCR
_c20.12.2017
_kВиолета_Тройчева
944 _aED
_c07.02.2018
_kГрета_Цуфелде
999 _d347530
999 _d205480